000 00287nam a22001337a 4500
008 170930b xxu||||| |||| 00| 0 eng d
020 _a9780075692492
041 _aeng
080 _a37
100 _a47
101 _aEDU
245 _aOPEN COURT READING
_cADAMS, M.J
942 _2udc
_cBK
999 _c30949
_d30949